000 004830000a22001930004500
001 003133
003 MACL
005 20150816142527.0
008 150816b xxu||||| |||| 00| 0 eng d
040 _aMACL
_cMACL
041 _aEnglish
082 _a418.4/WIL
100 _aWilliams, Raymond
_95892
245 _aReading And Criticism
_cRaymond Williams
260 _aNew Delhi
_c1999
_bSurabhi Publications,
350 _a375
650 _aLinguistic
_95893
942 _k418
_cBK
_2ddc
999 _c15039
_d15039